Метод полигонального уравнивания тригонометрических рядов: Общее и упрощенное решения; Россыпи и руды; № 4-5 (Апрель-май. Приложение)

Bibliographische Detailangaben
Parent link:Россыпи и руды: производственный журнал.— , 1931
№ 4-5 (Апрель-май. Приложение).— 1931.— С. 1-49
1. Verfasser: Нуварьев В. С.
Sprache:Russisch
Veröffentlicht: 1931
Schlagworte:
Format: MixedMaterials Buchkapitel
KOHA link:https://koha.lib.tpu.ru/cgi-bin/koha/opac-detail.pl?biblionumber=531751

MARC

LEADER 00000naa2a2200000 4500
001 531751
005 20231101112744.0
035 |a (RuTPU)RU\TPU\prd\218049 
035 |a RU\TPU\tpu\337 
090 |a 531751 
100 |a 20140414d1931 k y0rusy50 ca 
101 0 |a rus 
102 |a RU 
200 1 |a Метод полигонального уравнивания тригонометрических рядов  |e Общее и упрощенное решения  |f В. С. Нуварьев 
461 0 |0 (RuTPU)RU\TPU\prd\23  |t Россыпи и руды  |o производственный журнал  |d 1931 
463 0 |0 (RuTPU)RU\TPU\prd\216965  |t № 4-5 (Апрель-май. Приложение)  |v С. 1-49  |d 1931 
610 1 |a геодезия 
610 1 |a топография 
610 1 |a картография 
610 1 |a труды учёных ТПУ 
700 1 |a Нуварьев  |b В. С. 
801 0 |a RU  |b 63413507  |c 20011210  |g PSBO 
801 2 |a RU  |b 63413507  |c 20140414  |g PSBO 
942 |c BK